Water Intake, Body Water Regulation and Health (Record no. 9198)

MARC details
000 -LEADER
fixed length control field 01045nam a2200121Ia 4500
008 - FIXED-LENGTH DATA ELEMENTS--GENERAL INFORMATION
fixed length control field 220615s9999||||xx |||||||||||||| ||und||
100 ## - MAIN ENTRY--PERSONAL NAME
Personal name Adams, William M.||Johnson, Evan C.
245 #0 - TITLE STATEMENT
Title Water Intake, Body Water Regulation and Health
546 ## - LANGUAGE NOTE
Language note English[eng]
650 ## - SUBJECT ADDED ENTRY--TOPICAL TERM
Topical term or geographic name entry element n/a||modeling||adaptation||pollution||perception||heat stress||assessment||body composition||polydipsia||environmental stressors||deuterium||children||water-electrolyte balance||dehydration||big data||obesity||climate change||hydration factor and Hispanic Americans||water||thermoregulation||rehydration||fluid replacement||hydration||chronic disease||acute kidney injury||chronic kidney disease||blood pressure regulation||exercise||electrolytes||euhydration||database||water intake||drinking water||vascular function||skin blood flow||sympathetic nervous system||oral rehydration therapy||water restriction||ultraviolet radiation||hyponatremia||DNA||NHANES||aging||sweating||hypohydration||body water
856 ## - ELECTRONIC LOCATION AND ACCESS
Uniform Resource Identifier <a href="https://mdpi.com/books/pdfview/book/2194">https://mdpi.com/books/pdfview/book/2194</a>
942 ## - ADDED ENTRY ELEMENTS (KOHA)
Koha item type E-Books
Holdings
Withdrawn status Lost status Damaged status Not for loan Home library Current library Date acquired Total Checkouts Date last seen Price effective from Koha item type
        Kerala University of Digital Sciences, Innovation and Technology Knowledge Centre Kerala University of Digital Sciences, Innovation and Technology Knowledge Centre 15/06/2022   15/06/2022 15/06/2022 E-Books